| 000 | 00601nam a2200181 a 4500 | ||
|---|---|---|---|
| 001 | 000043162 | ||
| 005 | 20201002040703.0 | ||
| 008 | 140220s1994 sp 000 0 spa d | ||
| 020 | _a8487530168 | ||
| 040 |
_aDO-SdBNP _bspa _cBNPHU |
||
| 100 | 1 |
_aFernández-Tabau Rodés, Valentí _970731 |
|
| 245 | 1 | 3 |
_aEl Cine en Definiciones / _cValentí Fernández-Tabau Rodés. |
| 260 |
_aBarcelona, : _bÍxia Llibres, _c1994. |
||
| 300 |
_a175 p. ; _c20 cm. |
||
| 490 | 1 |
_aManuales de cine _v2 |
|
| 500 | _aIncluye datos biografícos del autor en la solapa de la portada | ||
| 830 | 0 |
_aManuales de cine _n2 _970732 |
|
| 999 |
_c42651 _d42651 |
||